[Event "ODJM A 2018"]
[Site "Willingen GER"]
[Date "2018.05.24"]
[Round "7"]
[White "Syrov, Arkadi"]
[Black "Borchert, René"]
[Result "1-0"]
[Termination "normal"]
[Board "2"]
[WhiteElo "2291"]
[BlackElo "2186"]
[WhiteClock "00:48:19"]
[BlackClock "00:34:19"]
[PlyCount "36"]
[WhiteFideId "12942448"]
[BlackFideId "12990671"]
[EventCountry "GER"]
[EventRounds "9"]
[EventType "swiss"]
[EventDate "2018.05.19"]

1. e4 {[%clk 1:30:58]} 1... e5 {[%clk 1:30:54]} 2. Nf3 {[%clk 1:31:24]} 2...
Nc6 {[%clk 1:31:21]} 3. Bb5 {[%clk 1:31:50]} 3... a6 {[%clk 1:31:48]} 4. Ba4 {
[%clk 1:32:17]} 4... d6 {[%clk 1:32:14]} 5. c3 {[%clk 1:29:29]} 5... f5 { [%clk
1:29:37]} 6. d4 {[%clk 1:02:05]} 6... fxe4 {[%clk 1:24:07]} 7. Ng5 { [%clk
1:02:15]} 7... d5 {[%clk 1:09:54]} 8. dxe5 {[%clk 1:01:22]} 8... Nge7 { [%clk
0:51:31]} 9. e6 {[%clk 1:00:31]} 9... Nf5 {[%clk 0:49:29]} 10. Nf7 { [%clk
0:58:33]} 10... Qf6 {[%clk 0:49:38]} 11. Bg5 {[%clk 0:53:54]} 11... Qxe6 {[%clk
0:45:24]} 12. Nxh8 {[%clk 0:54:05]} 12... Qg8 {[%clk 0:41:50]} 13. O-O { [%clk
0:52:02]} 13... Be6 {[%clk 0:42:10]} 14. c4 {[%clk 0:49:48]} 14... dxc4 { [%clk
0:41:57]} 15. Bxc6+ {[%clk 0:48:46]} 15... bxc6 {[%clk 0:42:20]} 16. Nc3 {[%clk
0:49:11]} 16... Nd6 {[%clk 0:37:35]} 17. Re1 {[%clk 0:48:50]} 17... Qxh8 {[%clk
0:35:08]} 18. Nxe4 {[%clk 0:48:19]} 18... Qg8 {[%clk 0:34:19]} 1-0

[Event "ODJM A 2018"]
[Site "Willingen GER"]
[Date "2018.05.24"]
[Round "7"]
[White "Krause, Benedict"]
[Black "Winkel, Peter"]
[Result "1/2-1/2"]
[Termination "normal"]
[Board "3"]
[WhiteTitle "FM"]
[WhiteElo "2448"]
[BlackElo "2110"]
[WhiteClock "00:03:57"]
[BlackClock "00:10:47"]
[PlyCount "119"]
[WhiteFideId "12917990"]
[BlackFideId "12954756"]
[EventCountry "GER"]
[EventRounds "9"]
[EventType "swiss"]
[EventDate "2018.05.19"]

1. e4 {[%clk 1:30:58]} 1... e5 {[%clk 1:30:57]} 2. Nf3 {[%clk 1:31:23]} 2...
Nc6 {[%clk 1:31:25]} 3. Bc4 {[%clk 1:31:46]} 3... Bc5 {[%clk 1:31:51]} 4. O-O {
[%clk 1:32:10]} 4... Nf6 {[%clk 1:32:18]} 5. d3 {[%clk 1:32:35]} 5... O-O {
[%clk 1:32:38]} 6. Nbd2 {[%clk 1:32:46]} 6... d6 {[%clk 1:32:44]} 7. c3 { [%clk
1:32:54]} 7... a6 {[%clk 1:32:47]} 8. h3 {[%clk 1:33:06]} 8... Ba7 { [%clk
1:20:48]} 9. Bb3 {[%clk 1:31:43]} 9... h6 {[%clk 1:20:54]} 10. Re1 { [%clk
1:31:59]} 10... Ne7 {[%clk 1:16:45]} 11. Nf1 {[%clk 1:31:41]} 11... Ng6 { [%clk
1:17:05]} 12. Ng3 {[%clk 1:32:04]} 12... Re8 {[%clk 1:13:31]} 13. d4 { [%clk
1:29:35]} 13... c6 {[%clk 1:13:05]} 14. Be3 {[%clk 1:28:50]} 14... exd4 { [%clk
1:05:40]} 15. Bxd4 {[%clk 1:22:01]} 15... Be6 {[%clk 0:52:09]} 16. Bc2 { [%clk
0:59:43]} 16... Bxd4 {[%clk 0:50:01]} 17. cxd4 {[%clk 0:56:32]} 17... Qb6
{[%clk 0:49:49]} 18. b3 {[%clk 0:36:40]} 18... Rad8 {[%clk 0:45:10]} 19. Qd2 {
[%clk 0:34:07]} 19... a5 {[%clk 0:45:06]} 20. Re3 {[%clk 0:31:40]} 20... Qb4 {
[%clk 0:43:56]} 21. Rc3 {[%clk 0:26:22]} 21... Qa3 {[%clk 0:34:00]} 22. Bd3 {
[%clk 0:20:33]} 22... a4 {[%clk 0:31:35]} 23. Rcc1 {[%clk 0:17:19]} 23... c5 {
[%clk 0:23:04]} 24. Bb5 {[%clk 0:11:41]} 24... Bd7 {[%clk 0:22:51]} 25. bxa4 {
[%clk 0:11:40]} 25... Bxb5 {[%clk 0:19:52]} 26. axb5 {[%clk 0:12:06]} 26...
Nxe4 {[%clk 0:17:36]} 27. Nxe4 {[%clk 0:11:58]} 27... Rxe4 {[%clk 0:18:04]} 28.
dxc5 {[%clk 0:11:21]} 28... Nf4 {[%clk 0:17:57]} 29. Re1 {[%clk 0:10:04]} 29...
Rc4 {[%clk 0:09:58]} 30. Ne5 {[%clk 0:02:48]} 30... Rxc5 {[%clk 0:08:56]} 31.
Qxf4 {[%clk 0:01:42]} 31... dxe5 {[%clk 0:09:08]} 32. Rxe5 {[%clk 0:01:53]}
32... Qb2 {[%clk 0:08:44]} 33. Rxc5 {[%clk 0:00:55]} 33... Qxa1+ { [%clk
0:09:05]} 34. Kh2 {[%clk 0:01:21]} 34... Qxa2 {[%clk 0:08:43]} 35. Rc7 { [%clk
0:01:29]} 35... Qd5 {[%clk 0:08:28]} 36. b6 {[%clk 0:01:30]} 36... g6 { [%clk
0:04:05]} 37. Qf3 {[%clk 0:00:51]} 37... Qxf3 {[%clk 0:03:08]} 38. gxf3 { [%clk
0:01:20]} 38... Rd2 {[%clk 0:02:40]} 39. Kg3 {[%clk 0:01:28]} 39... Rb2 { [%clk
0:02:58]} 40. Rxb7 {[%clk 0:01:55]} 40... Rb4 {[%clk 0:02:26]} 41. Kg2 { [%clk
0:24:21]} 41... Kg7 {[%clk 0:31:23]} 42. Kf1 {[%clk 0:20:00]} 42... Rb2 { [%clk
0:31:33]} 43. f4 {[%clk 0:14:21]} 43... Kf6 {[%clk 0:31:29]} 44. Kg2 { [%clk
0:12:10]} 44... Rb3 {[%clk 0:31:21]} 45. h4 {[%clk 0:11:53]} 45... h5 { [%clk
0:31:12]} 46. f5 {[%clk 0:11:14]} 46... Kxf5 {[%clk 0:17:28]} 47. Rxf7+ { [%clk
0:11:13]} 47... Kg4 {[%clk 0:17:09]} 48. Rf6 {[%clk 0:09:14]} 48... g5 { [%clk
0:15:05]} 49. hxg5 {[%clk 0:08:21]} 49... Kxg5 {[%clk 0:15:32]} 50. Rc6 { [%clk
0:08:11]} 50... Kf4 {[%clk 0:14:20]} 51. Kh2 {[%clk 0:06:54]} 51... Kf5 { [%clk
0:13:47]} 52. Kg1 {[%clk 0:05:45]} 52... Rb1+ {[%clk 0:12:41]} 53. Kg2 { [%clk
0:06:11]} 53... Rb3 {[%clk 0:13:05]} 54. f3 {[%clk 0:06:02]} 54... Kf4 { [%clk
0:12:38]} 55. Rc4+ {[%clk 0:03:16]} 55... Kf5 {[%clk 0:11:27]} 56. Rc5+ { [%clk
0:03:37]} 56... Kf4 {[%clk 0:11:25]} 57. Rxh5 {[%clk 0:03:28]} 57... Rb2+
{[%clk 0:10:27]} 58. Kh3 {[%clk 0:03:26]} 58... Rxb6 {[%clk 0:10:36]} 59. Rh8 {
[%clk 0:03:30]} 59... Kxf3 {[%clk 0:10:47]} 60. Rf8+ {[%clk 0:03:57]} 1/2-1/2

[Event "ODJM A 2018"]
[Site "Willingen GER"]
[Date "2018.05.24"]
[Round "7"]
[White "Holtel, Jasper"]
[Black "Oganessjan, Artur"]
[Result "1/2-1/2"]
[Termination "normal"]
[Board "4"]
[WhiteTitle "FM"]
[WhiteElo "2240"]
[BlackElo "2045"]
[WhiteClock "00:01:13"]
[BlackClock "00:01:00"]
[PlyCount "76"]
[WhiteFideId "12956376"]
[BlackFideId "12986062"]
[EventCountry "GER"]
[EventRounds "9"]
[EventType "swiss"]
[EventDate "2018.05.19"]

1. e4 {[%clk 1:30:48]} 1... c5 {[%clk 1:30:46]} 2. Nf3 {[%clk 1:24:06]} 2...
Nc6 {[%clk 1:31:06]} 3. Bb5 {[%clk 1:24:25]} 3... e6 {[%clk 1:31:13]} 4. Bxc6 {
[%clk 1:24:25]} 4... bxc6 {[%clk 1:31:31]} 5. O-O {[%clk 1:24:40]} 5... Ne7 {
[%clk 1:31:42]} 6. d3 {[%clk 1:24:18]} 6... Ng6 {[%clk 1:31:59]} 7. Ng5 { [%clk
1:21:05]} 7... h6 {[%clk 1:23:01]} 8. Nh3 {[%clk 1:19:38]} 8... Be7 { [%clk
1:09:28]} 9. f4 {[%clk 1:15:49]} 9... d6 {[%clk 1:04:58]} 10. Nc3 { [%clk
1:07:48]} 10... Rb8 {[%clk 0:58:44]} 11. Qh5 {[%clk 1:00:11]} 11... Bf6 { [%clk
0:56:12]} 12. Nd1 {[%clk 0:23:05]} 12... c4 {[%clk 0:39:39]} 13. dxc4 { [%clk
0:22:07]} 13... Ba6 {[%clk 0:39:19]} 14. c3 {[%clk 0:14:32]} 14... Bxc4 { [%clk
0:38:07]} 15. Re1 {[%clk 0:14:55]} 15... O-O {[%clk 0:37:26]} 16. Ne3 { [%clk
0:13:19]} 16... Qb6 {[%clk 0:34:07]} 17. g3 {[%clk 0:12:11]} 17... Ba6 { [%clk
0:23:41]} 18. Nf2 {[%clk 0:12:28]} 18... Qb5 {[%clk 0:23:11]} 19. Qxb5 { [%clk
0:11:26]} 19... Bxb5 {[%clk 0:22:58]} 20. Neg4 {[%clk 0:10:14]} 20... Bd8
{[%clk 0:22:59]} 21. f5 {[%clk 0:10:29]} 21... exf5 {[%clk 0:10:32]} 22. exf5 {
[%clk 0:10:52]} 22... Ne7 {[%clk 0:11:01]} 23. f6 {[%clk 0:10:31]} 23... Nf5 {
[%clk 0:11:30]} 24. fxg7 {[%clk 0:10:35]} 24... Kxg7 {[%clk 0:11:58]} 25. Ne3 {
[%clk 0:10:00]} 25... Nxe3 {[%clk 0:10:37]} 26. Bxe3 {[%clk 0:10:21]} 26... Bb6
{[%clk 0:08:25]} 27. Rad1 {[%clk 0:10:18]} 27... Rfe8 {[%clk 0:06:17]} 28. Bxb6
{[%clk 0:09:22]} 28... Rxe1+ {[%clk 0:06:41]} 29. Rxe1 {[%clk 0:09:46]} 29...
axb6 {[%clk 0:07:04]} 30. Re3 {[%clk 0:07:31]} 30... c5 {[%clk 0:06:21]} 31. a3
{[%clk 0:06:50]} 31... d5 {[%clk 0:04:31]} 32. Re1 {[%clk 0:05:42]} 32... Rd8 {
[%clk 0:04:30]} 33. Rd1 {[%clk 0:06:00]} 33... Re8 {[%clk 0:04:23]} 34. Nh3 {
[%clk 0:03:22]} 34... Re2 {[%clk 0:03:42]} 35. b4 {[%clk 0:02:14]} 35... cxb4 {
[%clk 0:02:01]} 36. axb4 {[%clk 0:02:25]} 36... Rc2 {[%clk 0:01:51]} 37. Rxd5 {
[%clk 0:01:14]} 37... Bc6 {[%clk 0:01:10]} 38. Rd6 {[%clk 0:01:13]} 38... Rxc3
{[%clk 0:01:00]} 1/2-1/2

[Event "ODJM A 2018"]
[Site "Willingen GER"]
[Date "2018.05.24"]
[Round "7"]
[White "Irkilmez, Yakub"]
[Black "Knudsen, Simon"]
[Result "0-1"]
[Termination "normal"]
[Board "5"]
[WhiteElo "2108"]
[BlackElo "2126"]
[WhiteClock "00:29:26"]
[BlackClock "00:30:27"]
[PlyCount "102"]
[WhiteFideId "16204581"]
[BlackFideId "12985546"]
[EventCountry "GER"]
[EventRounds "9"]
[EventType "swiss"]
[EventDate "2018.05.19"]

1. d4 {[%clk 1:30:59]} 1... d5 {[%clk 1:27:55]} 2. Bf4 {[%clk 1:26:25]} 2...
Nf6 {[%clk 1:25:15]} 3. e3 {[%clk 1:26:26]} 3... e6 {[%clk 1:25:06]} 4. Nf3 {
[%clk 1:26:04]} 4... Bd6 {[%clk 1:24:41]} 5. Bg3 {[%clk 1:26:20]} 5... Bxg3 {
[%clk 1:25:01]} 6. hxg3 {[%clk 1:26:44]} 6... Qd6 {[%clk 1:25:27]} 7. Nbd2 {
[%clk 1:26:38]} 7... Nbd7 {[%clk 1:24:30]} 8. c3 {[%clk 1:26:40]} 8... c6 {
[%clk 1:24:50]} 9. Bd3 {[%clk 1:27:02]} 9... e5 {[%clk 1:22:32]} 10. dxe5 {
[%clk 1:27:18]} 10... Nxe5 {[%clk 1:22:56]} 11. Nxe5 {[%clk 1:27:33]} 11...
Qxe5 {[%clk 1:23:22]} 12. Nf3 {[%clk 1:27:31]} 12... Qe7 {[%clk 1:23:41]} 13.
Qc2 {[%clk 1:26:23]} 13... h6 {[%clk 1:21:57]} 14. Bf5 {[%clk 1:25:56]} 14...
Bxf5 {[%clk 1:17:28]} 15. Qxf5 {[%clk 1:25:18]} 15... Qe4 {[%clk 1:15:41]} 16.
Qe5+ {[%clk 1:22:15]} 16... Qxe5 {[%clk 1:15:31]} 17. Nxe5 {[%clk 1:21:30]}
17... O-O {[%clk 1:15:53]} 18. O-O {[%clk 1:21:51]} 18... Rfe8 {[%clk 1:16:18]}
19. Nf3 {[%clk 1:22:13]} 19... Ne4 {[%clk 1:16:40]} 20. Rfd1 {[%clk 1:22:38]}
20... a5 {[%clk 1:16:51]} 21. Nd4 {[%clk 1:22:57]} 21... a4 {[%clk 1:16:25]}
22. a3 {[%clk 1:22:47]} 22... Nd6 {[%clk 1:13:09]} 23. Nf3 {[%clk 1:15:02]}
23... Ra6 {[%clk 1:12:16]} 24. Ne1 {[%clk 1:14:07]} 24... Nc4 {[%clk 1:12:14]}
25. Nd3 {[%clk 1:14:31]} 25... Rb6 {[%clk 1:12:33]} 26. Rab1 {[%clk 1:14:54]}
26... Rb5 {[%clk 1:11:08]} 27. Nb4 {[%clk 1:11:10]} 27... Re6 {[%clk 0:51:36]}
28. Kf1 {[%clk 0:58:45]} 28... Kf8 {[%clk 0:51:58]} 29. Ke2 {[%clk 0:52:12]}
29... Ke7 {[%clk 0:46:36]} 30. b3 {[%clk 0:48:18]} 30... axb3 {[%clk 0:45:13]}
31. Rxb3 {[%clk 0:46:38]} 31... Kd6 {[%clk 0:45:17]} 32. a4 {[%clk 0:44:54]}
32... Ra5 {[%clk 0:43:04]} 33. Nd3 {[%clk 0:44:03]} 33... Kc7 {[%clk 0:41:56]}
34. Rb4 {[%clk 0:40:02]} 34... Re8 {[%clk 0:41:14]} 35. Rdb1 {[%clk 0:37:30]}
35... Nd6 {[%clk 0:41:37]} 36. Ra1 {[%clk 0:36:42]} 36... Rea8 {[%clk 0:39:37]}
37. Rg4 {[%clk 0:33:36]} 37... g6 {[%clk 0:39:22]} 38. Nb2 {[%clk 0:32:40]}
38... b5 {[%clk 0:39:33]} 39. Rh4 {[%clk 0:32:22]} 39... h5 {[%clk 0:39:17]}
40. g4 {[%clk 0:32:27]} 40... hxg4 {[%clk 0:39:36]} 41. Rxg4 {[%clk 0:32:51]}
41... Ne4 {[%clk 0:39:10]} 42. Ra3 {[%clk 0:33:04]} 42... Kd7 {[%clk 0:37:59]}
43. f3 {[%clk 0:30:54]} 43... Nc5 {[%clk 0:38:21]} 44. Rf4 {[%clk 0:30:23]}
44... Ke7 {[%clk 0:38:42]} 45. Rb4 {[%clk 0:29:38]} 45... Nxa4 {[%clk 0:37:36]}
46. Nxa4 {[%clk 0:29:58]} 46... Rxa4 {[%clk 0:38:01]} 47. Raxa4 {[%clk 0:30:17]
} 47... Rxa4 {[%clk 0:38:25]} 48. Kd3 {[%clk 0:30:38]} 48... Ra2 { [%clk
0:38:33]} 49. g4 {[%clk 0:30:58]} 49... Kd6 {[%clk 0:38:56]} 50. e4 { [%clk
0:31:06]} 50... Ra4 {[%clk 0:36:27]} 51. Rd4 {[%clk 0:29:26]} 51... f6 { [%clk
0:30:27]} 0-1

[Event "ODJM A 2018"]
[Site "Willingen GER"]
[Date "2018.05.24"]
[Round "7"]
[White "Arndt, Magnus"]
[Black "Kartsev, Nikolay"]
[Result "1-0"]
[Termination "normal"]
[Board "6"]
[WhiteElo "2120"]
[BlackElo "1993"]
[WhiteClock "00:04:06"]
[BlackClock "00:49:57"]
[PlyCount "81"]
[WhiteFideId "12998656"]
[BlackFideId "12939536"]
[EventCountry "GER"]
[EventRounds "9"]
[EventType "swiss"]
[EventDate "2018.05.19"]

1. d4 {[%clk 1:30:57]} 1... Nf6 {[%clk 1:30:19]} 2. Bf4 {[%clk 1:30:58]} 2...
e6 {[%clk 1:30:31]} 3. Nf3 {[%clk 1:31:19]} 3... d5 {[%clk 1:30:00]} 4. e3 {
[%clk 1:31:38]} 4... Bd6 {[%clk 1:30:08]} 5. Bg3 {[%clk 1:31:51]} 5... Bxg3 {
[%clk 1:30:32]} 6. hxg3 {[%clk 1:32:17]} 6... Qd6 {[%clk 1:30:54]} 7. c4 {
[%clk 1:20:38]} 7... c6 {[%clk 1:31:17]} 8. Nc3 {[%clk 1:20:31]} 8... Nbd7 {
[%clk 1:31:08]} 9. Qc2 {[%clk 1:13:41]} 9... e5 {[%clk 1:30:07]} 10. dxe5 {
[%clk 1:09:09]} 10... Nxe5 {[%clk 1:29:20]} 11. Nxe5 {[%clk 1:08:56]} 11...
Qxe5 {[%clk 1:29:48]} 12. cxd5 {[%clk 1:09:16]} 12... Nxd5 {[%clk 1:29:39]} 13.
Nxd5 {[%clk 1:09:22]} 13... Qxd5 {[%clk 1:29:41]} 14. Qc3 {[%clk 1:07:45]}
14... O-O {[%clk 1:27:51]} 15. Rd1 {[%clk 1:04:07]} 15... Qg5 {[%clk 1:26:14]}
16. Bd3 {[%clk 1:02:50]} 16... Bf5 {[%clk 1:25:58]} 17. Qe5 {[%clk 0:59:53]}
17... g6 {[%clk 1:24:23]} 18. Bxf5 {[%clk 0:59:08]} 18... gxf5 {[%clk 1:21:13]}
19. Rh4 {[%clk 0:28:05]} 19... Rfe8 {[%clk 1:17:41]} 20. Qf4 {[%clk 0:27:16]}
20... Qxf4 {[%clk 1:03:57]} 21. Rxf4 {[%clk 0:27:45]} 21... Rad8 { [%clk
1:02:14]} 22. Rxf5 {[%clk 0:26:31]} 22... Kg7 {[%clk 1:00:03]} 23. Rxd8 { [%clk
0:22:49]} 23... Rxd8 {[%clk 1:00:31]} 24. Ke2 {[%clk 0:23:09]} 24... Rd7 {[%clk
1:00:00]} 25. g4 {[%clk 0:23:31]} 25... Kg6 {[%clk 0:58:33]} 26. Rc5 { [%clk
0:22:48]} 26... Kf6 {[%clk 0:58:34]} 27. f4 {[%clk 0:21:19]} 27... Ke6 { [%clk
0:58:47]} 28. Rh5 {[%clk 0:18:23]} 28... f6 {[%clk 0:59:08]} 29. g5 { [%clk
0:18:10]} 29... fxg5 {[%clk 0:59:02]} 30. Rxg5 {[%clk 0:18:39]} 30... b6 {[%clk
0:58:27]} 31. Rh5 {[%clk 0:17:41]} 31... c5 {[%clk 0:58:07]} 32. e4 { [%clk
0:18:05]} 32... Rg7 {[%clk 0:57:58]} 33. Rh6+ {[%clk 0:17:59]} 33... Kd7 {[%clk
0:58:12]} 34. Kf3 {[%clk 0:18:20]} 34... c4 {[%clk 0:58:05]} 35. e5 { [%clk
0:14:19]} 35... b5 {[%clk 0:57:36]} 36. Ra6 {[%clk 0:13:09]} 36... Kc8 { [%clk
0:57:54]} 37. a4 {[%clk 0:05:37]} 37... b4 {[%clk 0:48:46]} 38. Rc6+ { [%clk
0:05:09]} 38... Rc7 {[%clk 0:49:15]} 39. Rxc7+ {[%clk 0:05:26]} 39... Kxc7
{[%clk 0:49:44]} 40. Ke3 {[%clk 0:05:42]} 40... Kc6 {[%clk 0:49:57]} 41. Kd4
{[%clk 0:04:06]} 1-0

[Event "ODJM A 2018"]
[Site "Willingen GER"]
[Date "2018.05.24"]
[Round "7"]
[White "Weber, Jannis"]
[Black "Terhuven, Patrick"]
[Result "0-1"]
[Termination "normal"]
[Board "7"]
[WhiteElo "1871"]
[BlackElo "2124"]
[WhiteClock "00:25:56"]
[BlackClock "00:03:06"]
[PlyCount "96"]
[WhiteFideId "12990760"]
[BlackFideId "12919098"]
[EventCountry "GER"]
[EventRounds "9"]
[EventType "swiss"]
[EventDate "2018.05.19"]

1. e4 {[%clk 1:30:58]} 1... c5 {[%clk 1:30:57]} 2. Nf3 {[%clk 1:31:20]} 2...
Nc6 {[%clk 1:31:07]} 3. b3 {[%clk 1:29:37]} 3... d6 {[%clk 1:28:31]} 4. Bb2 {
[%clk 1:29:38]} 4... e5 {[%clk 1:27:43]} 5. Bc4 {[%clk 1:22:49]} 5... Be7 {
[%clk 1:27:05]} 6. O-O {[%clk 1:18:06]} 6... Nf6 {[%clk 1:26:41]} 7. Re1 {
[%clk 1:15:32]} 7... O-O {[%clk 1:26:48]} 8. c3 {[%clk 1:13:59]} 8... Nxe4 {
[%clk 1:22:26]} 9. Rxe4 {[%clk 1:11:49]} 9... d5 {[%clk 1:22:34]} 10. Re1 {
[%clk 1:08:16]} 10... dxc4 {[%clk 1:21:33]} 11. Nxe5 {[%clk 1:07:54]} 11...
Nxe5 {[%clk 1:20:40]} 12. Rxe5 {[%clk 1:08:16]} 12... Bd6 {[%clk 1:19:27]} 13.
Re1 {[%clk 1:07:18]} 13... Qh4 {[%clk 1:12:29]} 14. g3 {[%clk 1:05:20]} 14...
Qh3 {[%clk 1:12:00]} 15. Qf3 {[%clk 1:02:52]} 15... Bg4 {[%clk 1:09:33]} 16.
Qg2 {[%clk 1:03:16]} 16... Qh5 {[%clk 0:53:52]} 17. Na3 {[%clk 1:01:24]} 17...
cxb3 {[%clk 0:50:52]} 18. axb3 {[%clk 0:57:50]} 18... Bf3 {[%clk 0:44:47]} 19.
Qf1 {[%clk 0:58:07]} 19... Bc6 {[%clk 0:40:06]} 20. h3 {[%clk 0:57:56]} 20...
Qd5 {[%clk 0:39:15]} 21. Kh2 {[%clk 0:58:00]} 21... Qxb3 {[%clk 0:37:57]} 22.
Rab1 {[%clk 0:55:57]} 22... Qd5 {[%clk 0:34:24]} 23. Nc4 {[%clk 0:55:35]} 23...
Bc7 {[%clk 0:26:35]} 24. Ne3 {[%clk 0:55:29]} 24... Qf3 {[%clk 0:24:24]} 25. d4
{[%clk 0:54:52]} 25... Rad8 {[%clk 0:22:24]} 26. d5 {[%clk 0:53:13]} 26... Bxd5
{[%clk 0:21:33]} 27. Nxd5 {[%clk 0:51:50]} 27... Qxd5 {[%clk 0:20:10]} 28. c4
Qc6 29. Qe2 {[%clk 0:48:10]} 29... Rfe8 {[%clk 0:18:14]} 30. Qg4 { [%clk
0:46:56]} 30... f6 {[%clk 0:17:36]} 31. Rxe8+ {[%clk 0:36:46]} 31... Rxe8
{[%clk 0:17:59]} 32. Rd1 {[%clk 0:36:47]} 32... Qe6 {[%clk 0:16:23]} 33. Qxe6+
{[%clk 0:30:24]} 33... Rxe6 34. Rd7 {[%clk 0:30:16]} 34... Re2 {[%clk 0:07:51]}
35. Bxf6 {[%clk 0:30:16]} 35... Rxf2+ {[%clk 0:08:12]} 36. Kg1 {[%clk 0:31:00]}
36... Rxf6 {[%clk 0:07:12]} 37. Rxc7 {[%clk 0:31:00]} 37... a5 {[%clk 0:06:26]}
38. Rxc5 {[%clk 0:28:51]} 38... Ra6 {[%clk 0:06:58]} 39. Rc8+ {[%clk 0:27:48]}
39... Kf7 {[%clk 0:06:58]} 40. Rc7+ {[%clk 0:28:35]} 40... Kf6 {[%clk 0:06:08]}
41. Rxb7 {[%clk 0:28:35]} 41... a4 {[%clk 0:03:30]} 42. Rb2 {[%clk 0:27:45]}
42... a3 {[%clk 0:03:13]} 43. Ra2 {[%clk 0:27:45]} 43... Ke5 {[%clk 0:03:13]}
44. Kf2 {[%clk 0:26:22]} 44... Kd4 {[%clk 0:02:51]} 45. c5 {[%clk 0:26:22]}
45... Kxc5 {[%clk 0:02:51]} 46. Ke3 {[%clk 0:26:47]} 46... Kc4 47. Kd2 47...
Kb3 {[%clk 0:02:54]} 48. Ra1 {[%clk 0:25:56]} 48... a2 {[%clk 0:03:06]} 0-1

[Event "ODJM A 2018"]
[Site "Willingen GER"]
[Date "2018.05.24"]
[Round "7"]
[White "Savchenko, Daniel"]
[Black "Gerlach, Felix"]
[Result "1/2-1/2"]
[Termination "normal"]
[Board "8"]
[WhiteElo "2117"]
[BlackElo "1907"]
[WhiteClock "00:18:05"]
[BlackClock "00:23:19"]
[PlyCount "66"]
[WhiteFideId "12919195"]
[BlackFideId "12957690"]
[EventCountry "GER"]
[EventRounds "9"]
[EventType "swiss"]
[EventDate "2018.05.19"]

1. e4 {[%clk 1:30:54]} 1... e5 {[%clk 1:30:53]} 2. Nf3 {[%clk 1:31:01]} 2...
Nc6 {[%clk 1:31:20]} 3. Bb5 {[%clk 1:31:24]} 3... a6 {[%clk 1:31:38]} 4. Ba4 {
[%clk 1:31:49]} 4... Nf6 {[%clk 1:32:05]} 5. d4 {[%clk 1:32:11]} 5... exd4 {
[%clk 1:32:10]} 6. O-O {[%clk 1:32:18]} 6... Be7 {[%clk 1:26:58]} 7. Re1 {
[%clk 1:31:18]} 7... O-O {[%clk 1:26:37]} 8. e5 {[%clk 1:27:23]} 8... Nd5 {
[%clk 1:26:57]} 9. Nxd4 {[%clk 1:26:21]} 9... Nxd4 {[%clk 1:23:10]} 10. Qxd4 {
[%clk 1:24:05]} 10... Nb6 {[%clk 1:23:36]} 11. Nc3 {[%clk 1:23:04]} 11... d5 {
[%clk 1:18:08]} 12. exd6 {[%clk 1:21:30]} 12... Bxd6 {[%clk 1:18:19]} 13. Bf4 {
[%clk 1:20:57]} 13... Nxa4 {[%clk 1:16:37]} 14. Nxa4 {[%clk 1:19:21]} 14...
Bxf4 {[%clk 1:14:21]} 15. Qxf4 {[%clk 1:19:33]} 15... c6 {[%clk 1:11:20]} 16.
Rad1 {[%clk 1:18:07]} 16... Qa5 {[%clk 1:10:17]} 17. Re5 {[%clk 1:11:30]} 17...
b5 {[%clk 1:10:13]} 18. Nc5 {[%clk 1:11:50]} 18... Qxa2 {[%clk 1:09:33]} 19.
Qe4 {[%clk 1:01:38]} 19... Qxb2 {[%clk 0:57:27]} 20. h3 {[%clk 0:59:25]} 20...
g6 {[%clk 0:50:41]} 21. Qf4 {[%clk 0:54:45]} 21... Qxc2 {[%clk 0:47:24]} 22.
Rc1 {[%clk 0:52:03]} 22... Qb2 {[%clk 0:43:50]} 23. Ne4 {[%clk 0:50:30]} 23...
f6 {[%clk 0:27:28]} 24. Re7 {[%clk 0:37:49]} 24... g5 {[%clk 0:27:09]} 25. Qe3
{[%clk 0:34:43]} 25... Bf5 {[%clk 0:27:18]} 26. Nd6 {[%clk 0:31:58]} 26... Bg6
{[%clk 0:27:11]} 27. Rxc6 {[%clk 0:31:52]} 27... Rad8 {[%clk 0:26:34]} 28. g3 {
[%clk 0:25:01]} 28... Qb1+ {[%clk 0:25:21]} 29. Kh2 {[%clk 0:25:13]} 29... Qd3
{[%clk 0:25:20]} 30. Qe6+ {[%clk 0:25:03]} 30... Kh8 {[%clk 0:25:44]} 31. Rb7 {
[%clk 0:19:36]} 31... Qf3 {[%clk 0:24:33]} 32. Qe7 {[%clk 0:17:51]} 32... Qxf2+
{[%clk 0:23:32]} 33. Kh1 {[%clk 0:18:05]} 33... Qf1+ {[%clk 0:23:19]} 1/2-1/2